Путешествие в мир живой клетки: пер. с англ.

書誌詳細
第一著者: де Дюв Кристиан
言語:ロシア語
出版事項: Москва, Мир, 1987
主題:
フォーマット: 図書
KOHA link:https://koha.lib.tpu.ru/cgi-bin/koha/opac-detail.pl?biblionumber=36363

MARC

LEADER 00000nam0a2200000 4500
001 36363
005 20231101210352.0
035 |a (RuTPU)RU\TPU\book\36834 
035 |a BOOK00003486 
090 |a 36363 
100 |a 20011210d1987 k y0rusy50 ca 
101 1 |a rus  |c eng 
102 |a RU 
105 |a a z 000zy 
200 1 |a Путешествие в мир живой клетки  |e пер. с англ.  |f К. де Дюв 
210 |a Москва  |c Мир  |d 1987 
215 |a 256 с.  |c ил. 
606 1 |a Клетки  |x Биохимия  |2 stltpush  |3 (RuTPU)RU\TPU\subj\14511  |9 40887 
610 1 |a биология 
610 1 |a клетка 
610 1 |a животный мир 
610 1 |a растительный мир 
675 |a 576.3  |v 3 
700 1 |a де Дюв  |g Кристиан 
801 0 |a RU  |b 63413507  |c 20011210  |g PSBO 
801 2 |a RU  |b 63413507  |c 20170901  |g PSBO 
942 |c BK